01099nam a22002777a 45000010005000000030006000050050017000110080041000280200018000690400030000870500014001170820012001311000035001432450089001782600038002673000043003054900021003485050008003695200165003775210030005425210020005726500070005926500063006626500064007257000032007893464FISKH20260305081718.0240307b cb ||||| |||| 00| 0 eng d a9780531138960 aFISKHbeng cFISKHdFISKH aDK254.R3  a947.08  aGoldberg , Enid A.d1931-2019  aGrigory Rasputin :cHoly man or mad monk? /bby Enid A. Goldberg &, Norman Itzkowitz aNew York : bScholastic, c2008 . a128 pages : billustrations, c18 cm . aA Wicked History aS  aAn introduction to the life of Grigory Rasputin, who claimed to have mystical, God-given powers--and the rulers of early twentieth-century Russia believed him. 8 a800 bLexiles estimate 8 aS bRaz-Plus  aRasputin , Grigori Efimovich , ca. 1870-1916vJuvenile Literature aRussia-Court and courtiers- BiographyvJuvenile Literature aRussia-History-Nicholas II , 1894-1917vJuvenile Literature aOlson , TodeSeries Editor